"Wer Religion verkennt, erkennt Politik nicht": Perspektiven der Religionspolitologie
| Contributors: | |
|---|---|
| Format: | Print Book |
| Language: | German |
| Subito Delivery Service: | Order now. |
| Check availability: | HBZ Gateway |
| WorldCat: | WorldCat |
| Interlibrary Loan: | Interlibrary Loan for the Fachinformationsdienste (Specialized Information Services in Germany) |
| Published: |
Würzburg
Königshausen & Neumann
2005
|
| In: | Year: 2005 |
| Reviews: | »Wer Religion verkennt, erkennt Politik nicht«. Perspektiven der Religionspolitologie (2008) (Hauser, Linus, 1950 -)
|
| Volumes / Articles: | Show volumes/articles. |
| Standardized Subjects / Keyword chains: | B
Politics
/ Religion
|
| Further subjects: | B
Liberty
Religious aspects
B Collection of essays B Church and state B Religion And Politics B Secularism |
| Online Access: |
Table of Contents |
MARC
| LEADER | 00000cam a2200000 c 4500 | ||
|---|---|---|---|
| 001 | 470117249 | ||
| 003 | DE-627 | ||
| 005 | 20250612043044.0 | ||
| 007 | tu | ||
| 008 | 041027s2005 gw ||||| 00| ||ger c | ||
| 010 | |a 2005377520 | ||
| 020 | |a 9783826028434 |9 978-3-8260-2843-4 | ||
| 020 | |a 3826028430 |9 3-8260-2843-0 | ||
| 024 | 3 | |a 9783826028434 | |
| 035 | |a (DE-627)470117249 | ||
| 035 | |a (DE-576)116062576 | ||
| 035 | |a (DE-599)GBV470117249 | ||
| 035 | |a (OCoLC)237939369 | ||
| 035 | |a (OCoLC)60116609 | ||
| 040 | |a DE-627 |b ger |c DE-627 |e rakwb | ||
| 041 | |a ger | ||
| 044 | |c XA-DE | ||
| 050 | 0 | |a BL65.P7 | |
| 082 | 0 | 4 | |a 320 |
| 084 | |a 0 |2 ssgn | ||
| 084 | |a BE 2250 |2 rvk |0 (DE-625)rvk/10499: | ||
| 084 | |a MB 3150 |2 rvk |0 (DE-625)rvk/122310: | ||
| 084 | |a 11.09 |2 bkl | ||
| 245 | 0 | 0 | |a "Wer Religion verkennt, erkennt Politik nicht" |b Perspektiven der Religionspolitologie |c hrsg. von Claus-E. Bärsch ... |
| 264 | 1 | |a Würzburg |b Königshausen & Neumann |c 2005 | |
| 300 | |a 280 S. |c 23 cm | ||
| 336 | |a Text |b txt |2 rdacontent | ||
| 337 | |a ohne Hilfsmittel zu benutzen |b n |2 rdamedia | ||
| 338 | |a Band |b nc |2 rdacarrier | ||
| 583 | 1 | |a Archivierung/Langzeitarchivierung gewährleistet |f SSG |x XA-DE-BW |2 pdager |5 DE-21 | |
| 583 | 1 | |a Archivierung prüfen |c 20240324 |f DE-4165 |z 3 |2 pdager | |
| 601 | |a Perspektive | ||
| 650 | 0 | |a Religion And Politics | |
| 650 | 0 | |a Church and state | |
| 650 | 0 | |a Secularism | |
| 650 | 0 | |a Liberty |x Religious aspects | |
| 655 | 7 | |a Aufsatzsammlung |0 (DE-588)4143413-4 |0 (DE-627)105605727 |0 (DE-576)209726091 |2 gnd-content | |
| 689 | 0 | 0 | |d s |0 (DE-588)4046514-7 |0 (DE-627)104152206 |0 (DE-576)209069945 |2 gnd |a Politik |
| 689 | 0 | 1 | |d s |0 (DE-588)4049396-9 |0 (DE-627)106187155 |0 (DE-576)209081880 |2 gnd |a Religion |
| 689 | 0 | |5 DE-101 | |
| 700 | 1 | |e Hrsg. |0 (DE-588)128814691 |0 (DE-627)38156651X |0 (DE-576)160144051 |4 edt |a Bärsch, Claus-Ekkehard |d 1939-2020 | |
| 787 | 0 | 8 | |i Rezensiert in |a Hauser, Linus, 1950 - |t »Wer Religion verkennt, erkennt Politik nicht«. Perspektiven der Religionspolitologie |d 2008 |w (DE-627)1797949233 |
| 856 | 4 | 2 | |u https://swbplus.bsz-bw.de/bsz116062576inh.htm |m V:DE-576 |v 2005-04-04 |3 Inhaltsverzeichnis |7 1 |
| 935 | |a mteo | ||
| 935 | |i Blocktest | ||
| 936 | r | v | |a BE 2250 |b Religion und Politik |k Theologie und Religionswissenschaften |k Religionswissenschaft |k Systematische Religionswissenschaft |k Religion und verschiedene Lebensbereiche |k Religion und Politik |0 (DE-627)1270718711 |0 (DE-625)rvk/10499: |0 (DE-576)200718711 |
| 936 | r | v | |a MB 3150 |b Politik und Philosophie, Theologie |k Politologie |k Grundlagen und Selbstverständnis des Faches |k Beziehungen der Politik zu anderen Disziplinen und Bereichen. Politik und Wissenschaft |k Politik und Philosophie, Theologie |0 (DE-627)1271424304 |0 (DE-625)rvk/122310: |0 (DE-576)201424304 |
| 936 | b | k | |a 11.09 |j Systematische Religionswissenschaft: Sonstiges |0 (DE-627)106404237 |
| 951 | |a BO | ||
| ACO | |a 1 | ||
| ELC | |b 1 | ||
| ITA | |a 1 |t 1 | ||
| LOK | |0 000 xxxxxcx a22 zn 4500 | ||
| LOK | |0 001 3197862716 | ||
| LOK | |0 003 DE-627 | ||
| LOK | |0 004 470117249 | ||
| LOK | |0 005 20051122000000 | ||
| LOK | |0 008 050909||||||||||||||||ger||||||| | ||
| LOK | |0 040 |a DE-21 |c DE-627 |d DE-21 | ||
| LOK | |0 852 |a DE-21 | ||
| LOK | |0 852 1 |c 45 A 7376 |9 00 | ||
| LOK | |0 866 |x me | ||
| LOK | |0 935 |a theo | ||
| LOK | |0 936ln |a t12 | ||
| LOK | |0 938 |l 22/11/05 |8 6 | ||
| LOK | |0 939 |a 09-09-05 |b l01 | ||
| ORI | |a SA-MARC-ixtheoa001.raw | ||
| REL | |a 1 | ||
| SPR | |a 1 |t IXT |t REL | ||
| STA | 0 | 0 | |a Politics,Politics and government,Politics, Practical,Politics in art,Religion,Religion in literature,Religions,Religion |
| STB | 0 | 0 | |a Politique,Politique,Pratiques politiques,Religion,Religions,Religion |
| STC | 0 | 0 | |a Política,Política,Religión,Religión,Religión |
| STD | 0 | 0 | |a Politica,Politica,Religione,Religione,Religione |
| STE | 0 | 0 | |a 宗教,宗教,政治,政治 |
| STF | 0 | 0 | |a 宗教,宗教,政治,政治 |
| STG | 0 | 0 | |a Política,Política,Religião,Religião |
| STH | 0 | 0 | |a Политика (мотив),Политика,Религия,Религия (мотив) |
| STI | 0 | 0 | |a Θρησκεία,Θρησκεία (μοτίβο),Πολιτική (μοτίβο),Πολιτική |
| SUB | |a REL | ||
| SYG | 0 | 0 | |a Staatspolitik,Politische Lage,Politische Entwicklung,Politics,Public policy,Staatspolitik,Politische Lage,Politische Entwicklung,Politische Situation , Religion,Mystik,Mythologie |



